LDR 00589naa#a2200169#i#450# 001 EN\\bibl\121483 005 20260429091920.3 011 ## _a1994-4683 100 ## _a20230531b2023####ek#y0engy0150####ca 102 ## _aRU 200 1# _aWOMEN'S BIATHLON AT THE OLYMPIC WINTER GAMES AND ACHIEVEMENTS OF RUSSIAN BIATHLETES _eJournal article 210 1# _aMoscow _cNational State University of Physical Education, Sports and Health named after P.F. Lesgaft _d2023 215 ## _a5 с. 608 ## _aJournal article _2local 675 ## _aБиатлон. 796.922.093.642 _z 700 #1 _a _g 856 4# _auchzapiski.lesgaft.spb.ru _u